[Event "Sabaneta op-A 2nd"]
[Site "Sabaneta Antioquia"]
[Date "2023.06.30"]
[Round "4"]
[White "Ramirez Alvarez, Alejandro"]
[Black "Panesso Rivera, Henry"]
[Result "1-0"]
[WhiteElo "2572"]
[BlackElo "2346"]
[PlyCount "88"]
[EventDate "2023.06.28"]
[EventType "swiss"]
[EventRounds "9"]
[EventCountry "COL"]
[SourceTitle "CBM 215 Extra"]
[Source "ChessBase"]
[SourceDate "2023.09.30"]
[SourceVersion "1"]
[SourceVersionDate "2023.09.30"]
[SourceQuality "1"]

1. Nf3 d5 2. c4 e6 3. e3 Nf6 4. b3 dxc4 5. bxc4 c5 6. g3 b6 7. Bg2 Bb7 8. 0-0 Be7 9. Bb2 Nbd7 10. Qe2 Rc8 11. d3 0-0 12. Nc3 Re8 13. a4 Bd6 14. a5 Bb8 15. axb6 axb6 16. Rfd1 Bc6 17. Ne1 Bxg2 18. Kxg2 e5 19. Nf3 Nf8 20. Nd2 h6 21. Ra6 N6h7 22. e4 Ne6 23. Rda1 Nd4 24. Qd1 Nf6 25. Nd5 Nxd5 26. cxd5 Kh8 27. Bxd4 exd4 28. Qf3 f6 29. Rb1 Bc7 30. Nc4 Rb8 31. d6 Bxd6 32. Rbxb6 Rxb6 33. Rxb6 Bf8 34. Qh5 Qd7 35. h4 Rd8 36. Qf3 Re8 37. g4 Be7 38. Qf5 Qc7 39. Re6 Rb8 40. g5 Rf8 41. gxh6 gxh6 42. Ne5 Rg8+ 43. Ng6+ Kh7 44. Kf3 Qd8 1-0

[Event "Titled Tuesday intern op 07th Feb Late"]
[Site "Chess.com INT"]
[Date "2023.02.07"]
[Round "10"]
[White "Fiorito, Joaquin"]
[Black "Ramirez Alvarez, Alejandro"]
[Result "1-0"]
[WhiteElo "2348"]
[BlackElo "2572"]
[PlyCount "71"]
[EventDate "2023.02.07"]
[EventType "swiss (blitz)"]
[EventRounds "11"]
[EventCountry "USA"]
[SourceTitle "EXT 2024"]
[Source "ChessBase"]
[SourceDate "2023.10.10"]
[SourceVersion "1"]
[SourceVersionDate "2023.10.10"]
[SourceQuality "1"]

1. d4 Nf6 2. Nc3 d5 3. Bf4 a6 4. e3 h6 5. h4 b5 6. h5 c5 7. dxc5 Nc6 8. Nf3 Bg4 9. Be2 e6 10. Nd4 Bxe2 11. Qxe2 Qd7 12. Nxc6 Qxc6 13. b4 d4 14. exd4 Qxg2 15. 0-0-0 Nd5 16. Nxd5 Qxd5 17. Kb2 Be7 18. Be5 f6 19. Bf4 a5 20. Qxb5+ Kf7 21. bxa5 e5 22. dxe5 fxe5 23. Rxd5 Rhb8 24. Qxb8 Rxb8+ 25. Ka3 exf4 26. Rf5+ Ke6 27. Rxf4 Bxc5+ 28. Ka4 Ke5 29. Rc4 Bxf2 30. Rf1 Bd4 31. c3 Ba7 32. Rg4 Rb7 33. a6 Rc7 34. c4 Kd6 35. Rf5 Bd4 36. Rd5+ 1-0

[Event "Titled Tuesday intern op 07th Feb Late"]
[Site "Chess.com INT"]
[Date "2023.02.07"]
[Round "7"]
[White "Ramirez Alvarez, Alejandro"]
[Black "Dubov, Daniil"]
[Result "0-1"]
[WhiteElo "2572"]
[BlackElo "2708"]
[PlyCount "74"]
[EventDate "2023.02.07"]
[EventType "swiss (blitz)"]
[EventRounds "11"]
[EventCountry "USA"]
[SourceTitle "EXT 2024"]
[Source "ChessBase"]
[SourceDate "2023.10.10"]
[SourceVersion "1"]
[SourceVersionDate "2023.10.10"]
[SourceQuality "1"]

1. e4 c5 2. d4 cxd4 3. Qxd4 Nc6 4. Qd3 Nf6 5. Nc3 e5 6. Nf3 Bb4 7. Bd2 0-0 8. a3 Bxc3 9. Bxc3 d5 10. Nxe5 Nxe4 11. Nxc6 bxc6 12. Be2 Nxc3 13. Qxc3 Re8 14. Kf1 Bf5 15. Re1 d4 16. Qd2 Qd5 17. h4 Re5 18. Bd3 Bxd3+ 19. cxd3 Rae8 20. Rxe5 Rxe5 21. Rh3 h5 22. Rg3 c5 23. Kg1 g6 24. Qf4 Qe6 25. Kh2 Kg7 26. b4 Rf5 27. Qd2 cxb4 28. axb4 Qf6 29. Kg1 Qxh4 30. Qa2 Re5 31. Rh3 Qe7 32. Qb2 Re1+ 33. Kh2 Qe5+ 34. g3 Qd5 35. f3 Qxf3 36. Qxd4+ Kh7 37. Rxh5+ Qxh5+ 0-1

[Event "Titled Tuesday intern op 07th Feb Late"]
[Site "Chess.com INT"]
[Date "2023.02.07"]
[Round "9"]
[White "Ramirez Alvarez, Alejandro"]
[Black "Perske, Thore"]
[Result "0-1"]
[WhiteElo "2572"]
[BlackElo "2434"]
[PlyCount "78"]
[EventDate "2023.02.07"]
[EventType "swiss (blitz)"]
[EventRounds "11"]
[EventCountry "USA"]
[SourceTitle "EXT 2024"]
[Source "ChessBase"]
[SourceDate "2023.10.10"]
[SourceVersion "1"]
[SourceVersionDate "2023.10.10"]
[SourceQuality "1"]

1. Nf3 Nf6 2. b3 d6 3. Bb2 e5 4. g3 g6 5. Bg2 Bg7 6. d4 e4 7. Nfd2 d5 8. 0-0 0-0 9. c4 c6 10. b4 Re8 11. e3 h5 12. h3 Na6 13. b5 Nc7 14. bxc6 bxc6 15. Nc3 Ne6 16. cxd5 cxd5 17. Ba3 Ba6 18. Re1 Qa5 19. Bb2 h4 20. g4 Rec8 21. Rc1 Bf8 22. Nb3 Qb4 23. Ba1 Bd3 24. Nc5 Nxc5 25. dxc5 Rxc5 26. g5 Nh7 27. Qg4 Bg7 28. Nxd5 Rxd5 29. Rc8+ Rxc8 30. Qxc8+ Nf8 31. Rc1 Bxa1 32. Rxa1 Rxg5 33. Kh1 Qb2 34. Rg1 Qxa2 35. Qd8 Rf5 36. Qxh4 Qxf2 37. Qg4 Qxe3 38. h4 Qf4 39. Qh3 Rh5 0-1

[Event "Carlos Torre Memorial op 32nd"]
[Site "Merida"]
[Date "2022.12.20"]
[Round "7"]
[White "Ramirez Alvarez, Alejandro"]
[Black "Borges Matos, Juan R"]
[Result "1/2-1/2"]
[WhiteElo "2561"]
[BlackElo "2403"]
[PlyCount "51"]
[EventDate "2022.12.16"]
[EventType "swiss"]
[EventRounds "9"]
[EventCountry "MEX"]
[SourceTitle "CBM 212 Extra"]
[Source "ChessBase"]
[SourceDate "2023.03.31"]
[SourceVersion "1"]
[SourceVersionDate "2023.03.31"]
[SourceQuality "1"]

1. Nf3 Nf6 2. g3 b6 3. Bg2 Bb7 4. 0-0 e6 5. c4 Be7 6. b3 0-0 7. Bb2 c5 8. e3 d5 9. Nc3 dxc4 10. bxc4 Nc6 11. Qe2 Rc8 12. Ne1 Rc7 13. f4 Rd7 14. d3 Ne8 15. f5 Bf6 16. fxe6 fxe6 17. Rd1 Nd6 18. Bh3 Nd4 19. Qf2 Rdf7 20. Ne2 Nxe2+ 21. Qxe2 Bxb2 22. Rxf7 Rxf7 23. Qxb2 Qg5 24. e4 Qe3+ 25. Kh1 Rf2 26. Qe5 1/2-1/2

[Event "US Masters op"]
[Site "Charlotte"]
[Date "2022.11.24"]
[Round "3"]
[White "Ramirez Alvarez, Alejandro"]
[Black "Chasin, Nico Werner"]
[Result "1/2-1/2"]
[WhiteElo "2561"]
[BlackElo "2429"]
[PlyCount "92"]
[EventDate "2022.11.23"]
[EventType "swiss"]
[EventRounds "9"]
[EventCountry "USA"]
[SourceTitle "CBM 211 Extra"]
[Source "ChessBase"]
[SourceDate "2023.01.31"]
[SourceVersion "1"]
[SourceVersionDate "2023.01.31"]
[SourceQuality "1"]

1. Nf3 Nf6 2. g3 d5 3. Bg2 Bg4 4. 0-0 Nbd7 5. c4 c6 6. cxd5 cxd5 7. Nc3 e6 8. Qb3 Qb6 9. Qxb6 axb6 10. Nd4 Bc5 11. Ndb5 d4 12. h3 dxc3 13. hxg4 cxd2 14. Bxd2 Ra4 15. Bxb7 Rxg4 16. Kg2 Ne5 17. Bc3 Ng6 18. Kf3 h5 19. e3 0-0 20. Ke2 Ne4 21. Bxe4 Rxe4 22. a3 f5 23. b4 Be7 24. Rac1 h4 25. f3 Rc4 26. gxh4 Rxh4 27. Rf2 e5 28. Rg2 Kf7 29. Be1 Rh6 30. Rc7 Rd8 31. Na7 Ra8 32. a4 Kf8 33. Bc3 Bf6 34. b5 Ne7 35. Bb4 Rh4 36. Bxe7+ Bxe7 37. a5 Ra4 38. Kd3 e4+ 39. fxe4 fxe4+ 40. Kc3 Rxa5 41. Rxe7 Kxe7 42. Nc6+ Kf6 43. Rf2+ Ke6 44. Nxa5 Rxa5 45. Rg2 Rxb5 46. Rxg7 Rd5 1/2-1/2

[Event "Titled Tuesday intern op 01st Nov Late"]
[Site "Chess.com INT"]
[Date "2022.11.01"]
[Round "11"]
[White "Ramirez Alvarez, Alejandro"]
[Black "Predke, Alexandr"]
[Result "1-0"]
[WhiteElo "2561"]
[BlackElo "2684"]
[PlyCount "79"]
[EventDate "2022.11.01"]
[EventType "swiss (blitz)"]
[EventRounds "11"]
[EventCountry "USA"]
[SourceTitle "EXT 2024"]
[Source "ChessBase"]
[SourceDate "2023.10.10"]
[SourceVersion "1"]
[SourceVersionDate "2023.10.10"]
[SourceQuality "1"]

1. Nf3 Nf6 2. c4 e6 3. g3 d5 4. b3 Be7 5. Bg2 0-0 6. 0-0 d4 7. e3 c5 8. exd4 cxd4 9. Re1 Nc6 10. d3 Nd7 11. Na3 e5 12. Nc2 a5 13. a3 Qc7 14. Rb1 Nc5 15. b4 axb4 16. axb4 Na4 17. Bd2 Bf6 18. b5 Nd8 19. b6 Nxb6 20. Nfxd4 exd4 21. Bf4 Qc5 22. Rb5 Qxb5 23. cxb5 Ne6 24. Bd2 Na4 25. Nb4 Nc3 26. Qb3 Bd7 27. Nd5 Nxd5 28. Bxd5 Nc5 29. Qc4 Rac8 30. Bb4 b6 31. h4 h5 32. Ba3 g6 33. Rd1 Be6 34. Bxe6 Nxe6 35. Qd5 Rfd8 36. Qf3 Nc5 37. Bxc5 Rxc5 38. Qxf6 Rdd5 39. Re1 Rc8 40. Re7 1-0

[Event "Titled Tuesday intern op 01st Nov Late"]
[Site "Chess.com INT"]
[Date "2022.11.01"]
[Round "4"]
[White "Sanal, Vahap"]
[Black "Ramirez Alvarez, Alejandro"]
[Result "1-0"]
[WhiteElo "2590"]
[BlackElo "2561"]
[PlyCount "113"]
[EventDate "2022.11.01"]
[EventType "swiss (blitz)"]
[EventRounds "11"]
[EventCountry "USA"]
[SourceTitle "EXT 2024"]
[Source "ChessBase"]
[SourceDate "2023.10.10"]
[SourceVersion "1"]
[SourceVersionDate "2023.10.10"]
[SourceQuality "1"]

1. e4 c5 2. Nf3 e6 3. d4 cxd4 4. Nxd4 Nc6 5. Nc3 Qc7 6. g3 a6 7. Bg2 d6 8. 0-0 Bd7 9. Nce2 Be7 10. b3 b5 11. Bb2 Nf6 12. Rc1 0-0 13. c4 b4 14. f4 Rfe8 15. Kh1 Bf8 16. Qd3 Rad8 17. Rcd1 Nxd4 18. Nxd4 Bc8 19. Nc2 Nd7 20. Qe2 a5 21. Nd4 Bb7 22. g4 Nc5 23. g5 e5 24. Nb5 Qe7 25. h4 exf4 26. Rxf4 Nxe4 27. Kh2 Nc5 28. Qxe7 Rxe7 29. Bxb7 Nxb7 30. Rd2 Nc5 31. Rf5 g6 32. Rfd5 Ne4 33. Re2 Rde8 34. Rg2 Bg7 35. Bd4 Bxd4 36. Nxd4 Nc3 37. Rxa5 Re4 38. Nf3 Rf4 39. Kg3 Ree4 40. Rd2 Rg4+ 41. Kf2 Ref4 42. Rd3 Ne4+ 43. Ke3 Ng3 44. Nd4 Nf1+ 45. Ke2 Ng3+ 46. Ke3 Re4+ 47. Kf3 Nh5 48. Nb5 Rgf4+ 49. Kg2 Rxh4 50. Nxd6 Reg4+ 51. Kf2 Rh2+ 52. Kf1 Ng3+ 53. Ke1 Nf5 54. Ra8+ Kg7 55. Ne8+ Kf8 56. Nf6+ Ke7 57. Re8# 1-0

[Event "Titled Tuesday intern op 01st Nov Late"]
[Site "Chess.com INT"]
[Date "2022.11.01"]
[Round "7"]
[White "Storey, Charles"]
[Black "Ramirez Alvarez, Alejandro"]
[Result "0-1"]
[WhiteElo "2138"]
[BlackElo "2561"]
[PlyCount "126"]
[EventDate "2022.11.01"]
[EventType "swiss (blitz)"]
[EventRounds "11"]
[EventCountry "USA"]
[SourceTitle "EXT 2024"]
[Source "ChessBase"]
[SourceDate "2023.10.10"]
[SourceVersion "1"]
[SourceVersionDate "2023.10.10"]
[SourceQuality "1"]

1. c4 e6 2. g3 d5 3. Bg2 Nf6 4. Nf3 d4 5. 0-0 Nc6 6. d3 Bc5 7. b3 0-0 8. Ba3 Qe7 9. Bxc5 Qxc5 10. Nbd2 h6 11. a3 e5 12. b4 Qe7 13. b5 Nb8 14. Qb3 Nbd7 15. Qb4 Qd6 16. Qxd6 cxd6 17. Nb3 Rb8 18. Nfd2 b6 19. a4 a5 20. bxa6 Bxa6 21. Rfb1 Rfc8 22. Rb2 Kf8 23. Rab1 Ke7 24. Ne4 Ne8 25. Bh3 g6 26. Bxd7 Kxd7 27. Na1 Kc7 28. Nc2 f5 29. Nb4 Bb7 30. Nd2 Nf6 31. Nb3 Ra8 32. Ra1 Ra7 33. a5 bxa5 34. Nxa5 Rca8 35. Rba2 Bc8 36. Nd5+ Nxd5 37. cxd5 Kd7 38. Ra3 Bb7 39. Nc4 Rxa3 40. Rxa3 Rxa3 41. Nxa3 Bxd5 42. Nc2 g5 43. e3 Bb3 44. Ne1 dxe3 45. fxe3 Kc6 46. h4 g4 47. Kf2 Kc5 48. Ke2 Bd5 49. Nc2 Bf3+ 50. Kd2 Bc6 51. Kc3 f4 52. d4+ Kb6 53. exf4 exf4 54. gxf4 g3 55. Ne3 g2 56. Nxg2 Bxg2 57. Kc4 Kc6 58. f5 d5+ 59. Kd3 Be4+ 60. Ke3 Bxf5 61. Kf4 Be4 62. Ke5 Bf3 63. Kf6 h5 0-1

[Event "Henriquez Urena Memorial 1st"]
[Site "Santo Domingo"]
[Date "2022.09.22"]
[Round "9"]
[White "Mesa Cruz, Juan Carlos"]
[Black "Ramirez Alvarez, Alejandro"]
[Result "1/2-1/2"]
[WhiteElo "2119"]
[BlackElo "2561"]
[PlyCount "44"]
[EventDate "2022.09.16"]
[EventType "swiss"]
[EventRounds "9"]
[EventCountry "DOM"]
[SourceTitle "CBM 210 Extra"]
[Source "ChessBase"]
[SourceDate "2022.11.30"]
[SourceVersion "1"]
[SourceVersionDate "2022.11.30"]
[SourceQuality "1"]

1. e4 c5 2. Nf3 Nc6 3. c3 d5 4. exd5 Qxd5 5. Na3 Bg4 6. Be2 e5 7. Nc2 Qd6 8. Ne3 Bd7 9. 0-0 0-0-0 10. a3 f5 11. d4 cxd4 12. cxd4 e4 13. Nc4 Qd5 14. Ne3 Qd6 15. Nc4 Qd5 16. Ne3 Qf7 17. Bc4 Qe8 18. Be2 Qf7 19. Bc4 Qe8 20. Ng5 Nh6 21. d5 Ne5 22. Qd4 Ng8 1/2-1/2

[Event "Henriquez Urena Memorial 1st"]
[Site "Santo Domingo"]
[Date "2022.09.21"]
[Round "8"]
[White "Ramirez Alvarez, Alejandro"]
[Black "Mendez Ramirez, Victor"]
[Result "1-0"]
[WhiteElo "2561"]
[BlackElo "2153"]
[PlyCount "133"]
[EventDate "2022.09.16"]
[EventType "swiss"]
[EventRounds "9"]
[EventCountry "DOM"]
[SourceTitle "CBM 210 Extra"]
[Source "ChessBase"]
[SourceDate "2022.11.30"]
[SourceVersion "1"]
[SourceVersionDate "2022.11.30"]
[SourceQuality "1"]

1. c4 c6 2. e4 d5 3. exd5 cxd5 4. cxd5 Nf6 5. Nc3 Nxd5 6. Nf3 e6 7. d4 Be7 8. Bd3 Nc6 9. 0-0 0-0 10. Re1 Ncb4 11. Bb1 Nf6 12. Bg5 Bd7 13. Ne5 Nbd5 14. Qd3 g6 15. Qf3 Kg7 16. Qh3 Ng8 17. Bd2 Nxc3 18. Bxc3 Bf6 19. Ng4 Bc6 20. Nxf6 Nxf6 21. d5 Bxd5 22. Be4 Kg8 23. Qh6 Rc8 24. Bxd5 exd5 25. Red1 Rc6 26. Rd3 Qd6 27. Rad1 Re8 28. Rxd5 Qf8 29. Qxf8+ Kxf8 30. R5d3 h5 31. f3 Rce6 32. Kf1 Kg8 33. Rd6 Kg7 34. Rxe6 Rxe6 35. Rd7 Kg8 36. Rxb7 a6 37. a4 Kf8 38. b4 Nd5 39. Bd4 Ke8 40. b5 axb5 41. Rxb5 Nc7 42. Re5 Kd7 43. Rxe6 Nxe6 44. Be3 Kc6 45. Ke2 Kd5 46. Kd3 Nc7 47. Kc3 Na6 48. a5 Nc7 49. Kb4 Kc6 50. Kc4 Na6 51. h4 Nc7 52. g3 Na6 53. Kd4 Nc7 54. Ke5 Kd7 55. Bb6 Ne8 56. a6 Kc6 57. a7 Kb7 58. Bd4 Ka8 59. g4 Kb7 60. gxh5 gxh5 61. Kf5 Nc7 62. Kf6 Ne6 63. Be3 Nc7 64. Kxf7 Nd5 65. Bd4 Nf4 66. Kf6 Ka8 67. Kf5 1-0

[Event "Titled Tuesday intern op 05th Jul Early"]
[Site "Chess.com INT"]
[Date "2022.07.05"]
[Round "6"]
[White "Abrahamyan, Tatev"]
[Black "Ramirez Alvarez, Alejandro"]
[Result "0-1"]
[WhiteElo "2291"]
[BlackElo "2561"]
[PlyCount "44"]
[EventDate "2022.07.05"]
[EventType "swiss (blitz)"]
[EventRounds "11"]
[EventCountry "USA"]
[SourceTitle "CBM 209 Extra"]
[Source "ChessBase"]
[SourceDate "2022.09.30"]
[SourceVersion "1"]
[SourceVersionDate "2022.09.30"]
[SourceQuality "1"]

1. e4 c5 2. Nf3 Nc6 3. d4 cxd4 4. Nxd4 e5 5. Nb5 Nf6 6. N1c3 d6 7. Bg5 a6 8. Na3 b5 9. Nd5 Be7 10. Bxf6 Bxf6 11. c4 b4 12. Nc2 0-0 13. Qf3 Bg5 14. h4 Bh6 15. g4 f6 16. Be2 Be6 17. Rd1 Qa5 18. Kf1 Ra7 19. Qg3 Raf7 20. Rh2 Bxd5 21. Rxd5 Qa4 22. Bd3 Bf4 0-1

[Event "Titled Tuesday intern op 15th Feb Late"]
[Site "Chess.com INT"]
[Date "2022.02.15"]
[Round "7"]
[White "Goltseva, Ekaterina"]
[Black "Ramirez Alvarez, Alejandro"]
[Result "1-0"]
[WhiteElo "2327"]
[BlackElo "2573"]
[PlyCount "69"]
[EventDate "2022.02.15"]
[EventType "swiss (blitz)"]
[EventRounds "11"]
[EventCountry "USA"]
[SourceTitle "CBM 206 Extra"]
[Source "ChessBase"]
[SourceDate "2022.03.31"]
[SourceVersion "1"]
[SourceVersionDate "2022.03.31"]
[SourceQuality "1"]

1. d4 Nf6 2. c4 c5 3. d5 b5 4. cxb5 a6 5. bxa6 Bxa6 6. Nc3 g6 7. e4 Bxf1 8. Kxf1 d6 9. g3 Bg7 10. Kg2 0-0 11. Nf3 Nbd7 12. a4 Ra6 13. Qe2 Qa8 14. Ra3 Rb8 15. Nb5 Rxa4 16. Bg5 Rxa3 17. bxa3 Qa4 18. Rb1 Qxe4 19. Qxe4 Nxe4 20. Bxe7 c4 21. a4 c3 22. Re1 c2 23. Rc1 Rc8 24. Ne1 Re8 25. Bxd6 Nxd6 26. Nxd6 Re2 27. Kf1 Rd2 28. Rxc2 Rxd5 29. Rc8+ Bf8 30. Nc4 Kg7 31. a5 Bc5 32. a6 Rd4 33. Rxc5 Nxc5 34. a7 Rd8 35. Nb6 1-0

[Event "Titled Tuesday intern op 15th Feb Late"]
[Site "Chess.com INT"]
[Date "2022.02.15"]
[Round "1"]
[White "Ramirez Alvarez, Alejandro"]
[Black "Romero Ruscalleda, Josep"]
[Result "1-0"]
[WhiteElo "2573"]
[BlackElo "2176"]
[PlyCount "57"]
[EventDate "2022.02.15"]
[EventType "swiss (blitz)"]
[EventRounds "11"]
[EventCountry "USA"]
[SourceTitle "CBM 206 Extra"]
[Source "ChessBase"]
[SourceDate "2022.03.31"]
[SourceVersion "1"]
[SourceVersionDate "2022.03.31"]
[SourceQuality "1"]

1. Nf3 g6 2. d4 Bg7 3. g3 d6 4. Bg2 Nf6 5. 0-0 0-0 6. Nc3 Nbd7 7. e4 e5 8. a4 a6 9. a5 Qe7 10. Re1 Re8 11. h3 h6 12. b3 Kh7 13. Bb2 exd4 14. Nxd4 Ne5 15. f4 Nc6 16. Nxc6 bxc6 17. e5 dxe5 18. Rxe5 Qd7 19. Qxd7 Bxd7 20. Rd1 Nd5 21. Rxe8 Rxe8 22. Nxd5 cxd5 23. Bxg7 Kxg7 24. Rxd5 Bc6 25. Re5 Rxe5 26. fxe5 Bxg2 27. Kxg2 Kf8 28. b4 Ke7 29. b5 1-0

[Event "Titled Tuesday intern op 08th Feb Late"]
[Site "Chess.com INT"]
[Date "2022.02.08"]
[Round "5"]
[White "Pinheiro, Iung Alicio"]
[Black "Ramirez Alvarez, Alejandro"]
[Result "0-1"]
[WhiteElo "2320"]
[BlackElo "2573"]
[PlyCount "70"]
[EventDate "2022.02.08"]
[EventType "swiss (blitz)"]
[EventRounds "11"]
[EventCountry "USA"]
[SourceTitle "CBM 206 Extra"]
[Source "ChessBase"]
[SourceDate "2022.03.31"]
[SourceVersion "1"]
[SourceVersionDate "2022.03.31"]
[SourceQuality "1"]

1. e4 c5 2. Nf3 e6 3. c3 Nf6 4. e5 Nd5 5. Bc4 Nb6 6. Bb3 c4 7. Bc2 Nc6 8. Qe2 Qc7 9. Na3 Bxa3 10. bxa3 0-0 11. a4 f5 12. Ba3 Re8 13. Bd6 Qd8 14. h4 Nd5 15. Ng5 h6 16. Qh5 Nce7 17. g4 Rf8 18. gxf5 Qe8 19. Qf3 Rxf5 20. Bxf5 Nxf5 21. Ne4 b6 22. Rg1 Kh7 23. Ng3 Nxg3 24. Rxg3 Bb7 25. 0-0-0 Bc6 26. Rdg1 g5 27. Qe4+ Qg6 28. Qxc4 Qf5 29. hxg5 Nf4 30. g6+ Kg8 31. Kb2 Bd5 32. Qd4 Rc8 33. Ka1 Rc4 34. Qe3 Rxa4 35. Rg4 Rxa2# 0-1

[Event "Titled Tuesday intern op 08th Feb Late"]
[Site "Chess.com INT"]
[Date "2022.02.08"]
[Round "6"]
[White "Ramirez Alvarez, Alejandro"]
[Black "Mamedyarov, Shakhriyar"]
[Result "0-1"]
[WhiteElo "2573"]
[BlackElo "2767"]
[PlyCount "35"]
[EventDate "2022.02.08"]
[EventType "swiss (blitz)"]
[EventRounds "11"]
[EventCountry "USA"]
[SourceTitle "CBM 206 Extra"]
[Source "ChessBase"]
[SourceDate "2022.03.31"]
[SourceVersion "1"]
[SourceVersionDate "2022.03.31"]
[SourceQuality "1"]

1. e4 c5 2. Nf3 e6 3. d4 cxd4 4. Nxd4 Nf6 5. Nc3 Nc6 6. a3 d5 7. Bb5 Bd7 8. exd5 exd5 9. 0-0 Be7 10. Re1 0-0 11. Bg5 h6 12. Bh4 a6 13. Bf1 Rc8 14. Qd3 Re8 15. Rad1 Qb6 16. Rxe7 Nxe7 17. Bxf6 Qxf6 18. Qf5 0-1

[Event "Titled Tuesday intern op 01st Feb-B"]
[Site "Chess.com INT"]
[Date "2022.02.02"]
[Round "7"]
[White "Fishbein, Alexander"]
[Black "Ramirez Alvarez, Alejandro"]
[Result "1/2-1/2"]
[WhiteElo "2458"]
[BlackElo "2573"]
[PlyCount "89"]
[EventDate "2022.02.02"]
[EventType "swiss (blitz)"]
[EventRounds "11"]
[EventCountry "USA"]
[SourceTitle "CBM 206 Extra"]
[Source "ChessBase"]
[SourceDate "2022.03.31"]
[SourceVersion "1"]
[SourceVersionDate "2022.03.31"]
[SourceQuality "1"]

1. e4 c5 2. Nf3 e6 3. d4 cxd4 4. Nxd4 Nc6 5. Nc3 Qc7 6. g3 a6 7. Bg2 d6 8. 0-0 Bd7 9. Nb3 Nf6 10. a4 b6 11. f4 Be7 12. e5 dxe5 13. fxe5 Qxe5 14. Bf4 Qh5 15. Bf3 Qg6 16. Bd6 Rd8 17. Bxe7 Nxe7 18. Qe2 0-0 19. Rad1 a5 20. Qf2 Ned5 21. Nxd5 Nxd5 22. Bxd5 exd5 23. Nd4 Bxa4 24. Rde1 Bd7 25. Re5 Rfe8 26. Rfe1 Rxe5 27. Rxe5 Qd6 28. Re1 g6 29. c3 Re8 30. Rxe8+ Bxe8 31. Qe3 Bd7 32. h4 h5 33. Kh2 Kg7 34. Nf3 Bf5 35. Qd4+ Kg8 36. Ne5 Qe6 37. Qf4 Kg7 38. Nf3 Qe2+ 39. Kg1 Be4 40. Qe5+ Kg8 41. Qe8+ Kg7 42. Qe5+ Kf8 43. Qd6+ Kg8 44. Qb8+ Kg7 45. Qe5+ 1/2-1/2

[Event "Titled Tuesday intern op 01st Feb-B"]
[Site "Chess.com INT"]
[Date "2022.02.02"]
[Round "3"]
[White "Martinez Alcantara, Jose Eduardo"]
[Black "Ramirez Alvarez, Alejandro"]
[Result "1-0"]
[WhiteElo "2615"]
[BlackElo "2573"]
[PlyCount "65"]
[EventDate "2022.02.02"]
[EventType "swiss (blitz)"]
[EventRounds "11"]
[EventCountry "USA"]
[SourceTitle "CBM 206 Extra"]
[Source "ChessBase"]
[SourceDate "2022.03.31"]
[SourceVersion "1"]
[SourceVersionDate "2022.03.31"]
[SourceQuality "1"]

1. e4 e6 2. d4 d5 3. Nd2 Be7 4. Ngf3 Nf6 5. Bd3 c5 6. e5 Nfd7 7. c3 Nc6 8. 0-0 a5 9. dxc5 Ndxe5 10. Nxe5 Nxe5 11. Bb5+ Bd7 12. Bxd7+ Qxd7 13. b4 axb4 14. cxb4 Qa4 15. Qe2 Nc6 16. Bb2 Qxb4 17. Bxg7 Rg8 18. Bh6 Qh4 19. Be3 d4 20. g3 dxe3 21. fxe3 Bxc5 22. Rab1 Ra3 23. Nc4 Rc3 24. Qf3 f5 25. Rxb7 Bxe3+ 26. Nxe3 Nd4 27. Rb8+ Kd7 28. Qb7+ Rc7 29. Rxg8 Ne2+ 30. Kg2 Rxb7 31. gxh4 Rb2 32. Rf2 Nf4+ 33. Kf3 1-0

[Event "Titled Tuesday intern op 01st Feb-B"]
[Site "Chess.com INT"]
[Date "2022.02.02"]
[Round "2"]
[White "Migot, Tangi"]
[Black "Ramirez Alvarez, Alejandro"]
[Result "0-1"]
[WhiteElo "2353"]
[BlackElo "2573"]
[PlyCount "60"]
[EventDate "2022.02.02"]
[EventType "swiss (blitz)"]
[EventRounds "11"]
[EventCountry "USA"]
[SourceTitle "CBM 206 Extra"]
[Source "ChessBase"]
[SourceDate "2022.03.31"]
[SourceVersion "1"]
[SourceVersionDate "2022.03.31"]
[SourceQuality "1"]

1. Nf3 d5 2. c3 Bg4 3. Ne5 Bh5 4. g4 f6 5. gxh5 fxe5 6. Qb3 b6 7. Bg2 Nf6 8. h6 gxh6 9. c4 e6 10. Nc3 c6 11. d3 Rg8 12. Bf3 Nbd7 13. cxd5 cxd5 14. Bd2 Rc8 15. Rc1 a6 16. Qa4 Kf7 17. Qh4 Rg6 18. Kf1 Ne4 19. Nxe4 Rxc1+ 20. Bxc1 Qxh4 21. Ng3 Bc5 22. Bh5 Qd4 23. Bxg6+ hxg6 24. Be3 Qxb2 25. Bxh6 Qxa2 26. Kg2 a5 27. h4 Nf6 28. Bg5 Nh5 29. Nxh5 gxh5 30. Rh3 Qxe2 0-1

[Event "Titled Tuesday intern op 01st Feb-B"]
[Site "Chess.com INT"]
[Date "2022.02.02"]
[Round "6"]
[White "Ramirez Alvarez, Alejandro"]
[Black "Nesterov, Arseniy"]
[Result "0-1"]
[WhiteElo "2573"]
[BlackElo "2522"]
[PlyCount "90"]
[EventDate "2022.02.02"]
[EventType "swiss (blitz)"]
[EventRounds "11"]
[EventCountry "USA"]
[SourceTitle "CBM 206 Extra"]
[Source "ChessBase"]
[SourceDate "2022.03.31"]
[SourceVersion "1"]
[SourceVersionDate "2022.03.31"]
[SourceQuality "1"]

1. Nf3 d5 2. c4 c6 3. e3 Nf6 4. Nc3 e6 5. Qc2 Bd6 6. b3 0-0 7. Bb2 e5 8. cxd5 cxd5 9. Nb5 Nc6 10. Nxd6 Qxd6 11. Bb5 Nb4 12. Qb1 Qc5 13. Be2 Nc2+ 14. Kd1 Nxa1 15. Qxa1 Ne4 16. Rf1 f6 17. d4 exd4 18. Bxd4 Qa5 19. Qb2 Bg4 20. h3 Bh5 21. g4 Bg6 22. Nh4 Rac8 23. Nxg6 hxg6 24. Bd3 Nc3+ 25. Kd2 Na4+ 26. b4 Nxb2 27. bxa5 Nxd3 28. Kxd3 a6 29. Rb1 Rf7 30. h4 Rc4 31. f3 Ra4 32. Bb6 Re7 33. Rb2 Ra3+ 34. Kd2 Rd7 35. Ke2 Kf7 36. Rc2 Ke6 37. Kf2 Rd6 38. Rc7 Rxa2+ 39. Kg3 Rd7 40. Rc8 Kf7 41. Kf4 Ra4+ 42. Kg3 Rc4 43. Rb8 Rc6 44. Kf4 Re6 45. Bc5 Re8 0-1